000 01032 a2200229 4500
001 28715
005 20260407155557.0
008 260407a2013 arg spa d
003 AR-UNSa-BCEJYS
040 _aAR-UNSa-BCEJYS
_bspa
_cAR-UNSa-BCEJYS
080 _a174:65
_xEtica en gestión y organización de la industria (Responsabilidad Social Empresaria)
245 1 0 _aEtica para empresarios
_ppor qué las empresas y los países ganan con la responsabilidad social empresaria
020 _a978-987-502-352-9
264 1 _aBuenos Aires :
_bEdición Distal
_c2013
300 _a254 p.
_c20 cm.
505 _a1. La discución sobre la responsabilidad social empresaria(RSE) - 2. La agenda de la RSE - 3. ¿La empresa gana con la RSE? - 4. Temas candentes en RSE - 5. La RSE en América Latina
041 _aspa
942 _cBK
590 _aniveau_biblio:m niveau_hierar:0
100 1 _aKliksberg, Bernardo
856 4 1 _uhttps://biblioeco.unsa.edu.ar/pmb/images/libros/Bernardo Klisberg-l125012.jpg
_yImagen de portada
_qimage/jpeg
999 _c1733
_d1733